000 00663nam a2200241 i 4500
001 C2-0254410
003 PPAK
005 20180727222059.0
008 040429s1995 io a|||| ||||| | may d
020 _a9796053235
040 _aPPAK
_beng
_cPPAK
_erda
082 0 4 _a642.4
_223
090 0 0 _a642.4
_bPAM
_dR
100 0 _aPamudji,
_eauthor
245 1 0 _aAneka hidangan pesta keluarga
264 1 _aJakarta, Indonesia :
_bPT Gramedia Pustaka Utama ,
_c1995
300 _a46 pages :
_bcolour illustrations ;
_c18 cm
336 _2rdacontent
_atext
337 _2rdamedia
_aunmediated
338 _2rdacarrier
_avolume
650 1 0 _aHidangan
942 _ddc
_cB
999 _c67136
_d67136